000 01036nam a2200121Ia 4500
008 220620s9999||||xx |||||||||||||| ||und||
245 0 _aSoziologie - Sociology in the German-Speaking World
_bSpecial Issue Soziologische Revue 2020
546 _aEnglish[eng]
650 _aMicro Sociology||Global South||Europe||Intimate Relationships and Family||Gender||Globalization and Transnationalisation||Comparative Sociology||Labor||Body||Communication and Media||Migration||Environment||Organization||Political Sociology||Qualitative Methods||Quantitative Methods||Mixed-Methods||Religion||Life Course and Biography||Social Inequalities||Space||Social Theory||Society||Sciences and Higher Education||Technology||Demography and Ageing||Education||Culture||Economic Sociology||Social Networks||Social Policy||Social Problems||Social Movements||History of Sociology
700 _aHollstein, Betina||Greshoff, Rainer||Schimank, Uwe||Weiß, Anja
856 _uhttps://library.oapen.org/bitstream/20.500.12657/48429/1/9783110627275.pdf
942 _cEB
999 _c22730
_d22730